World/ (Record no. 519)
[ view plain ]
| 000 -LEADER | |
|---|---|
| fixed length control field | 00582nam a22002057a 4500 |
| 005 - DATE AND TIME OF LATEST TRANSACTION | |
| control field | 20141010045453.0 |
| 008 - FIXED-LENGTH DATA ELEMENTS--GENERAL INFORMATION | |
| fixed length control field | 141010b xxu||||| |||| 00| 0 eng d |
| 020 ## - INTERNATIONAL STANDARD BOOK NUMBER | |
| International Standard Book Number | 9780133679571 |
| 024 #0 - OTHER STANDARD IDENTIFIER | |
| Standard number or code | eng |
| 080 ## - UNIVERSAL DECIMAL CLASSIFICATION NUMBER | |
| Universal Decimal Classification number | 930.9 |
| 100 ## - Rafti | |
| Rafti | Ellis Gaynor Elisabeth; |
| 245 ## - TITLE STATEMENT | |
| Title | World/ |
| Statement of responsibility, etc | Elisabeth Gaynor Ellis; Anthony Esler; |
| 250 ## - | |
| -- | 1 st.ed.; |
| 260 ## - | |
| -- | United States of America, |
| -- | Person Prentice Hall, |
| -- | 2009 |
| 300 ## - | |
| -- | 1254 f.: |
| -- | me il.; |
| -- | 28 cm, |
| 500 ## - | |
| -- | Index f.1209-1245 |
| 650 ## - | |
| -- | Historia Botërore |
| 700 ## - | |
| -- | Esler Anthoney, |
| 942 ## - ADDED ENTRY ELEMENTS (KOHA) | |
| Source of classification or shelving scheme | |
| Item type | Books |
| Withdrawn status | Lost status | Source of classification or shelving scheme | Damaged status | Not for loan | Collection code | Permanent location | Current location | Shelving location | Date acquired | Total Checkouts | Full call number | Barcode | Date last seen | Koha item type | Price effective from |
|---|---|---|---|---|---|---|---|---|---|---|---|---|---|---|---|
| Koleksioni i përgjithshem | UBT - Ferizaj | UBT - Ferizaj | Koleksioni i përgjithshem | 10/10/2014 | 930.9 ELL | 003000829 | 10/10/2014 | Books | |||||||
| Koleksioni i përgjithshem | UBT - Ferizaj | UBT - Ferizaj | Koleksioni i përgjithshem | 10/10/2014 | 930.9 ELL | 003000830 | 10/10/2014 | Books | |||||||
| Koleksioni i përgjithshem | UBT - Ferizaj | UBT - Ferizaj | Koleksioni i përgjithshem | 10/10/2014 | 930.9 ELL | 003000831 | 10/10/2014 | Books | |||||||
| Koleksioni i përgjithshem | UBT - Ferizaj | UBT - Ferizaj | Koleksioni i përgjithshem | 10/10/2014 | 930.9 ELL | 003000832 | 10/10/2014 | Books | |||||||
| Koleksioni i përgjithshem | UBT - Lipjan | UBT - Lipjan | Koleksioni i përgjithshem | 06/08/2015 | 930.9 ELL | 06/08/2015 | Books | 06/08/2015 | |||||||
| Koleksioni i përgjithshem | UBT - Lipjan | UBT - Lipjan | Koleksioni i përgjithshem | 06/05/2017 | 94(100) ESL | 002-288147 | 06/05/2017 | Books | 06/05/2017 | ||||||
| Koleksioni i përgjithshem | UBT - Lipjan | UBT - Lipjan | Koleksioni i përgjithshem | 06/05/2017 | 94(100) ESL | 002-288142 | 06/05/2017 | Books | 06/05/2017 | ||||||
| Koleksioni i përgjithshem | UBT - Lipjan | UBT - Lipjan | Koleksioni i përgjithshem | 06/05/2017 | 94(100) ESL | 002-288198 | 06/05/2017 | Books | 06/05/2017 |